Juegos matemáticos / (Record no. 70642)

MARC details
000 -LEADER
campo de control de longitud fija 00620nam a2200205 i 4500
001 - NÚMERO DE CONTROL
campo de control 70642
003 - IDENTIFICADOR DE NÚMERO DE CONTROL
campo de control ES-MaACL
005 - FECHA Y HORA DE LA ÚLTIMA TRANSACCIÓN
campo de control 20251104144547.0
007 - CAMPO FIJO DE DESCRIPCIÓN FÍSICA--INFORMACIÓN GENERAL
campo de control de longitud fija t|
008 - DATOS DE LONGITUD FIJA--INFORMACIÓN GENERAL
campo de control de longitud fija 040729s1961 sp ||||1| spa d
100 1# - ENTRADA PRINCIPAL--NOMBRE DE PERSONA
Nombre de persona Gardner, Martin.
9 (RLIN) 55513
245 10 - MENCIÓN DEL TÍTULO
Título Juegos matemáticos /
Mención de responsabilidad, etc. Martin Gardner ; traducción del inglés por Julio Flórez.
260 ## - PUBLICACIÓN, DISTRIBUCIÓN, ETC.
Lugar de publicación, distribución, etc. Madrid :
Nombre del editor, distribuidor, etc. Revista de Occidente,
Fecha de publicación, distribución, etc. [1961]
300 ## - DESCRIPCIÓN FÍSICA
Extensión 253 p. :
Otras características físicas il. ;
Dimensiones 18 cm.
650 07 - PUNTO DE ACCESO ADICIONAL DE MATERIA--TÉRMINO DE MATERIA
Término de materia o nombre geográfico como elemento de entrada Matemáticas recreativas
Fuente del encabezamiento o término embne
9 (RLIN) 14838
700 1# - ENTRADA AGREGADA--NOMBRE PERSONAL
Nombre de persona Florez, Julio.
9 (RLIN) 206884
852 ## - LOCALIZACIÓN
Ubicación ES-MaACL
Número de control de estantería C-23736
942 ## - ELEMENTOS DE ENTRADA SECUNDARIOS (KOHA)
Fuente del sistema de clasificación o colocación Clasificación decimal universal
Holdings
Estatus retirado Estado de pérdida Estado de daño No para préstamo Biblioteca de origen Biblioteca actual Ubicación en estantería Fecha de adquisición Fuente de adquisición Total de préstamos Signatura topográfica completa Código de barras Visto por última vez Precio de reemplazo Tipo de ítem Koha
        Biblioteca del Ateneo de Madrid Biblioteca del Ateneo de Madrid Depósito 2 17/01/2008     C-23736 1073969 23/02/2023 23/02/2023 Libro impreso